00408nam a2200121Ia 45000010005000000080041000050820028000461000046000742450098001202600024002189010029002429990015002712013241024s9999 xx 000 0 und d aRD/346.064/R426l/122-05 aRepública Dominicana. Congreso Nacional 0aLey No.122.05, que regula y fomenta las Asociaciones sin Fines de Lucro y Reglamento No.40-08 bSanto Domingoc2008 a16/11/2011 10:42:08 a.m. c9536d9536